000 02032nam a2200385 c 4500
003 BLK
005 20250517104848.0
008 180408b bul|||||r ||||||| ||bul||
010 _aKNG00071575000
020 _a954-439-860-6
_bиздат.: Слово - на том(т. 1)
040 _aBLK
041 _aBUL
_cBUL
080 _aЛитература на отделни езици и езикови семейства
_b821
_x-93-91
_z821-93-91
100 1 _aЯнев, Владимир
_eпърви автор
_gИванов, Владимир Янев
_9368066
139 _aЯнев, Владимир
_bЯ 54
245 1 0 _aСветовната литература, разказана за деца и юноши
_bТ. 1 -
_cВладимир Янев.
_nТ. 1
_pДревни литератури - египетска, асиро-вавилонска, индийска, китайска, гръцка, римска
257 _aBGR
260 В. Търново
_c2006 -
_fВ. Търново : Абагар
300 _c23 см
380 _aDN
500 _aОфс. изд.
505 _g
_r
_tСредновековни литератури - европейска, арабска, персийско-таджикска, грузинска
505 _g
_r
_tЗападноевропейски Ренесанс
653 _aсветовна литература
653 _aадаптирани книги
653 _aлитература за деца
653 _aдетска литература
760 1 _3- на том(т. 1)
_aЯнев, Владимир
_dСлово, 2006
_h320 с.
_nСъдържа и За автора на тази книга.
_tТ. 1 Древни литератури - египетска, асиро-вавилонска, индийска, китайска, гръцка, римска
852 _aЦб 231438
856 4 _qpdf
_u
856 4 _qpdf
_u
942 _cKNG
_n0
_03
944 _aCR
_c13.02.2007
_k30549
_lВася Ганчева
944 _aED
_c15.10.2007
_k
999 _c67265
_d67265